000 00623nam a2200193 i 4500
001 130471
003 ES-MaACL
005 20230906193742.0
007 t|
008 070730s1974 sp ||||1| spa d
100 1 _aZapatero Ballesteros, Emilio.
_9118010
245 1 0 _aMicrobiología médica
_b: bacteriología, virología, mycología, protozoología /
_cpor Emilio Zapatero Ballesteros.
250 _a7ª ed.
260 _aValladolid :
_bSever-Cuesta,
_c1974.
300 _aXXIV, 597 p. ;
_c27 cm.
500 _aGrab. intercal.
650 0 4 _aMicrobiología médica.
_915025
852 _aES-MaACL
_jC-56438
_bR.89200
999 _c130471
_d130471